|
|
|
|
| LEADER |
00000cam a2200000 i 4500 |
| 001 |
1/91898 |
| 008 |
991105s1967 gre d |
| 035 |
|
|
|l 10053812
|
| 040 |
|
|
|a GR-MY-UA
|b gre
|e aacr
|
| 041 |
0 |
|
|a gre
|
| 082 |
0 |
|
|a 338.17015118
|
| 100 |
1 |
|
|a Παυλόπουλος, Παναγιώτης Γ.,
|d 1930-
|
| 245 |
1 |
0 |
|a Συναρτήσεις προσφοράς αγροτικών προϊόντων :
|b ποσοτική διερεύνησις /
|c Παν. Γ. Παυλόπουλος
|
| 260 |
|
|
|a Αθήνα :
|b [χ.ε.],
|c 1967
|
| 300 |
|
|
|a vii, 189 σ.
|
| 504 |
|
|
|a Περιέχει βιβλιογραφία
|
| 650 |
0 |
0 |
|a Farm produce
|x Mathematical models.
|
| 852 |
|
|
|a INST
|b CHIOS
|e 19991105
|h 338.17015118 ΠΑΥ
|p 005200019626
|q 005200019626
|t BK
|y 0
|
| 901 |
|
|
|a BIBL2-1999-3
|
| 909 |
|
|
|a Χ
|b 055935
|
| 970 |
|
|
|a ΣΠΕΝΤΖΑ
|b ΕΛΕΝΗ
|z 1999/11/05
|